00746nam a2200193 i 450000100060000000300090000600500170001500700030003200800410003510000280007624500810010426000690018530000260025449000530028083000610033385200210039499900170041595201200043278634ES-MaACL20230906173753.0t|041015s1933 fr ||||1| fre d1 aHauvette, Henri.96213614aLa "morte vivante" b: étude de litterature comparée / cHenri Hauvette. aParis : bBoivin, c1933 (fSociété Français d'Imprimerie) aVI, 216 p. ; c20 cm.1 aBibliotheque de la Revue de Cours et Conferences0 aBibliotheque de la Revue de Cours et Conferences9231404 aES-MaACLjA-2741 c78634d78634 00104070aATENEOMbATENEOMcSPP1d2008-01-17eSCl0oA-2741p1082244r2023-02-23 00:00:00w2023-02-23yMONOGRAFIA